Metody i narzedzia informatiky Wybrane zagadnenia

Uložené v:
Podrobná bibliografia
Médium: Kniha
Jazyk:Polish
Vydavateľské údaje: Lódz Uniwersytet 1987
Vydanie:1. wyd.
Edícia:Acta Universitatis Lodziensis 64
Tagy: Pridať tag
Žiadne tagy, Buďte prvý, kto otaguje tento záznam!

MARC

LEADER 00000nam a2200000 4500
001 c037417
005 20221219123423.5
041 0 |a pol 
044 |a PL 
245 1 0 |a Metody i narzedzia informatiky  |b Wybrane zagadnenia 
250 |a 1. wyd. 
264 1 |a Lódz  |b Uniwersytet  |c 1987 
300 |a 225 s. 
490 1 |a Acta Universitatis Lodziensis  |v 64 
830 0 |a Acta Universitatis Lodziensis  |v 64